000 02822nam a2200337 a 4500
999 _c2821
_d2821
006 m |o go|ad
007 cr |||||||||||
008 181211s2019 gw |||| o |||| 0|eng d
020 _a9783030028107 (ebk)
040 _aKO
_beng
041 0 _aeng
044 _agw
082 0 4 _a620.0042
_223
245 0 2 _aA Holistic Approach to Ship Design :
_bVolume 1: Optimisation of Ship Design and Operation for Life Cycle /
_cedited by Apostolos Papanikolaou.
250 _a1st ed. 2019.
264 1 _aCham :
_bSpringer International Publishing :
_bImprint: Springer,
_c2019.
300 _a1 online resource (XX, 490 pages 314 illustrations, 263 illustrations in color.)
505 0 _aIntroduction to the HOLISHIP Project -- State of the Art: Ship Design for Life-Cycle -- Holistic Ship Design Optimisation -- The CAESES Design Software Platform -- The CPACS Design Software Platform -- Systemic Approach to Ship Design -- Tools for the Assessment of Ship Design and Operation -- Hydrodynamic Tools -- Structural Design Tools -- Produceability Tools -- Machinery and Equipment -- Energy efficiency of integrated machinery systems -- Economy -- Application Studies -- Index.
520 _aThis book introduces a holistic approach to ship design and its optimisation for life-cycle operation. It deals with the scientific background of the adopted approach and the associated synthesis model, which follows modern computer aided engineering (CAE) procedures. It integrates techno-economic databases, calculation and multi-objective optimisation modules and s/w tools with a well-established Computer-Aided Design (CAD) platform, along with a Virtual Vessel Framework (VVF), which will allow virtual testing before the building phase of a new vessel. The resulting graphic user interface (GUI) and information exchange systems enable the exploration of the huge design space to a much larger extent and in less time than is currently possible, thus leading to new insights and promising new design alternatives. The book not only covers the various stages of the design of the main ship system, but also addresses relevant major onboard systems/components in terms of life-cycle performance to offer readers a better understanding of suitable outfitting details, which is a key aspect when it comes the outfitting-intensive products of international shipyards. The book disseminates results of the EU funded Horizon 2020 project HOLISHIP (www.holiship.eu).
650 0 _aComputer-aided engineering.
650 0 _aEngineering design.
650 0 _aFluid mechanics.
650 0 _aMathematical optimization.
650 0 _aTransportation.
700 1 _aPapanikolaou, Apostolos.
_eedt
856 4 0 _uhttps://doi.org/10.1007/978-3-030-02810-7
904 _aRUDRA_R
905 _aR_RANJAN
942 _cEB